| 000 | 00949 a2200157 4500 | ||
|---|---|---|---|
| 005 | 20250625092801.0 | ||
| 020 | _a0-13-780537-3 | ||
| 082 | _a808STE | ||
| 100 | _aSTEVEN. L. | ||
| 245 | _aFrom Reading to Writing: A Reader and Rhetoric, | ||
| 250 | _a2nd Ed. | ||
| 260 |
_aNew York, _bPrentice Hall Allyn, _c1989. |
||
| 300 |
_ax, 293, ill,; _bIndex _c23cm |
||
| 700 | _aPARKER, D. H. | ||
| 942 |
_2ddc _cBKS |
||
| 999 |
_c4975 _d4975 |
||